|
|
|
|
| LEADER |
00000nam0a2200000 4500 |
| 001 |
197292 |
| 005 |
20231101224738.0 |
| 010 |
|
|
|a 5745503025
|
| 020 |
|
|
|a RU
|b 90-51255
|
| 035 |
|
|
|a (RuTPU)RU\TPU\book\215197
|
| 090 |
|
|
|a 197292
|
| 100 |
|
|
|a 20110608d1990 km y0rusy5003 ca
|
| 101 |
0 |
|
|a rus
|
| 102 |
|
|
|a RU
|
| 105 |
|
|
|a y z 001zy
|
| 200 |
1 |
|
|a Актуальные задачи механики деформируемого твердого тела
|e межвузовский сборник научных трудов
|f Воронежский гос. ун-т им. Ленинского комсомола ; Воронежский государственный университет ; под ред. А. Н. Спорыхина
|
| 210 |
|
|
|a Воронеж
|c Изд-во Воронеж. ун-та
|d 1990
|
| 215 |
|
|
|a 152 с.
|c ил.
|d 20 см
|
| 320 |
|
|
|a Библиогр. в конце ст.
|
| 610 |
1 |
|
|a механика
|
| 610 |
1 |
|
|a физика
|
| 610 |
1 |
|
|a твердые тела
|
| 610 |
1 |
|
|a деформации
|
| 610 |
1 |
|
|a устойчивость
|
| 610 |
1 |
|
|a разрушение
|
| 610 |
1 |
|
|a нелинейные среды
|
| 610 |
1 |
|
|a численные решения
|
| 675 |
|
|
|a 539.37(082)
|z rus
|
| 686 |
|
|
|a 30.51
|2 rugasnti
|
| 702 |
|
1 |
|a Спорыхин
|b А. Н.
|4 340
|
| 712 |
0 |
2 |
|a Воронежский гос. ун-т им. Ленинского комсомола
|
| 712 |
0 |
2 |
|a Воронежский государственный университет
|2 stltpush
|3 (RuTPU)RU\TPU\col\4805
|9 24026
|
| 801 |
|
0 |
|a RU
|b RuMRKP
|c 19950417
|g psbo
|
| 801 |
|
1 |
|a RU
|b 63413507
|c 20110608
|
| 801 |
|
2 |
|a RU
|b 63413507
|c 20110623
|g RCR
|
| 942 |
|
|
|c BK
|